[Event "2. Bundesliga West 2005/2006"]
[Site "AUT"]
[Date "2005.12.04"]
[Round "5"]
[White "Westermeier, Arnulf"]
[Black "Medvegy, Zoltan"]
[Result "0-1"]
[WhiteElo "2289"]
[BlackElo "2478"]
[PlyCount "52"]
[EventDate "2005.10.??"]
[EventType "team"]
[EventRounds "11"]
[EventCountry "AUT"]
[WhiteTeam "ASK Salzburg XI"]
[BlackTeam "Ranshofen IX"]
[WhiteTeamCountry "AUT"]
[BlackTeamCountry "AUT"]

1. e4 e6 2. d4 d5 3. Nc3 Bb4 4. e5 c5 5. Bd2 Ne7 6. Nb5 Bxd2+ 7. Qxd2 O-O 8. f4
Bd7 9. dxc5 Bxb5 10. Bxb5 b6 11. Qf2 bxc5 12. Qxc5 Nd7 13. Qa3 Rb8 14. Bxd7
Qxd7 15. Nf3 Rfc8 16. O-O-O a5 17. Kb1 Rc4 18. Rd4 Nc6 19. Rxc4 dxc4 20. Qc3
Qd5 21. Re1 h6 22. a3 Ne7 23. Qd2 Qb7 24. c3 Nd5 25. Nd4 Nxf4 26. g3 Nd3 0-1

[Event "2. Bundesliga West 2005/2006"]
[Site "AUT"]
[Date "2005.12.04"]
[Round "5"]
[White "Bertagnolli, Alexander"]
[Black "Gerhold, Michael"]
[Result "1/2-1/2"]
[WhiteElo "2281"]
[BlackElo "2209"]
[PlyCount "24"]
[EventDate "2005.10.??"]
[EventType "team"]
[EventRounds "11"]
[EventCountry "AUT"]
[WhiteTeam "Woergl IV"]
[BlackTeam "Absam"]
[WhiteTeamCountry "AUT"]
[BlackTeamCountry "AUT"]

1. d4 d5 2. Nf3 c6 3. c4 e6 4. Qc2 dxc4 5. Qxc4 b5 6. Qb3 Nf6 7. g3 Bb7 8. Bg2
Nbd7 9. O-O a6 10. a4 c5 11. axb5 Bd5 12. Qc2 Be4 1/2-1/2

[Event "2. Bundesliga West 2005/2006"]
[Site "AUT"]
[Date "2005.12.04"]
[Round "5"]
[White "Blaskowski, Johannes"]
[Black "Teske, Henrik"]
[Result "0-1"]
[WhiteElo "2366"]
[BlackElo "2487"]
[PlyCount "114"]
[EventDate "2005.10.??"]
[EventType "team"]
[EventRounds "11"]
[EventCountry "AUT"]
[WhiteTeam "Woergl IV"]
[BlackTeam "Absam"]
[WhiteTeamCountry "AUT"]
[BlackTeamCountry "AUT"]

1. e4 c5 2. Nf3 g6 3. d4 Bg7 4. dxc5 Qa5+ 5. Bd2 Qxc5 6. Bc3 Nf6 7. Bd3 d6 8.
O-O Bg4 9. Nbd2 O-O 10. h3 Bxf3 11. Nxf3 Nc6 12. Qe1 a6 13. Kh1 b5 14. a3 Nd7
15. Bxg7 Kxg7 16. b4 Qb6 17. Qc3+ Kg8 18. Qb2 Rfc8 19. Rae1 Rc7 20. c4 bxc4 21.
Bxc4 Nde5 22. Nxe5 Nxe5 23. Be2 Rac8 24. f4 Nc4 25. Bxc4 Rxc4 26. f5 f6 27.
fxg6 hxg6 28. Rc1 Qe3 29. Qa2 Qxe4 30. Rfe1 Qd5 31. Rxc4 Rxc4 32. Qe2 Rc3 33.
Kg1 Qd4+ 34. Kh1 Qd5 35. Kg1 e5 36. Qxa6 Rc2 37. Qf1 Kf7 38. Re2 Qd4+ 39. Kh2
Qd3 40. Rf2 Qxf1 41. Rxf1 Rb2 42. Kg3 f5 43. Ra1 f4+ 44. Kf3 Ke6 45. a4 d5 46.
a5 Kf5 47. g4+ Kg5 48. h4+ Kxh4 49. Rd1 Rxb4 50. Rxd5 Rb3+ 51. Kf2 e4 52. Rd4
Rb2+ 53. Ke1 Kg3 54. Rxe4 f3 55. Kf1 Rb1+ 56. Re1 Rxe1+ 57. Kxe1 Kg2 0-1

[Event "2. Bundesliga West 2005/2006"]
[Site "AUT"]
[Date "2005.12.04"]
[Round "5"]
[White "Dizdar, Goran"]
[Black "Halasz, Tamas"]
[Result "1/2-1/2"]
[WhiteElo "2542"]
[BlackElo "2376"]
[PlyCount "81"]
[EventDate "2005.10.??"]
[EventType "team"]
[EventRounds "11"]
[EventCountry "AUT"]
[WhiteTeam "Absam"]
[BlackTeam "Woergl IV"]
[WhiteTeamCountry "AUT"]
[BlackTeamCountry "AUT"]

1. Nf3 Nf6 2. g3 g6 3. Bg2 Bg7 4. O-O O-O 5. c4 c5 6. d4 d6 7. Nc3 Nc6 8. d5
Na5 9. Nd2 e5 10. e4 a6 11. Qc2 Rb8 12. Rb1 Bd7 13. b3 b5 14. Nd1 bxc4 15. bxc4
Rxb1 16. Nxb1 Nh5 17. Nd2 f5 18. exf5 gxf5 19. Bb2 Qe7 20. Bc3 Nb7 21. Qb2 Nd8
22. f4 exf4 23. Bxg7 Qxg7 24. Qxg7+ Kxg7 25. Bf3 Be8 26. Re1 fxg3 27. Re7+ Kf6
28. Ra7 gxh2+ 29. Kxh2 Bg6 30. Rxa6 Nf7 31. Nc3 Nf4 32. Nb5 Ke5 33. Bd1 Bh5 34.
Bxh5 Nxh5 35. a4 Nf4 36. Nxd6 Nxd6 37. Nf3+ Ke4 38. Ng5+ Ke5 39. Nf3+ Ke4 40.
Ng5+ Ke5 41. Nf3+ 1/2-1/2

[Event "2. Bundesliga West 2005/2006"]
[Site "AUT"]
[Date "2005.12.04"]
[Round "5"]
[White "Mittelberger, Peter"]
[Black "Duer, Werner"]
[Result "1/2-1/2"]
[WhiteElo "2235"]
[BlackElo "2249"]
[PlyCount "23"]
[EventDate "2005.10.??"]
[EventType "team"]
[EventRounds "11"]
[EventCountry "AUT"]
[WhiteTeam "Woergl IV"]
[BlackTeam "Absam"]
[WhiteTeamCountry "AUT"]
[BlackTeamCountry "AUT"]

1. e4 c6 2. d4 d5 3. e5 Bf5 4. Bd3 Bxd3 5. Qxd3 e6 6. Ne2 Ne7 7. O-O Qb6 8. b3
Qa6 9. c4 Nd7 10. Nbc3 Rd8 11. f4 dxc4 12. Qxc4 1/2-1/2

[Event "2. Bundesliga West 2005/2006"]
[Site "AUT"]
[Date "2005.12.04"]
[Round "5"]
[White "Pilz, Dieter"]
[Black "Neuschmied, Siegfried"]
[Result "1/2-1/2"]
[WhiteElo "2331"]
[BlackElo "2251"]
[PlyCount "50"]
[EventDate "2005.10.??"]
[EventType "team"]
[EventRounds "11"]
[EventCountry "AUT"]
[WhiteTeam "Absam"]
[BlackTeam "Woergl IV"]
[WhiteTeamCountry "AUT"]
[BlackTeamCountry "AUT"]

1. e4 c6 2. d4 d5 3. Nc3 dxe4 4. Nxe4 Bf5 5. Ng3 Bg6 6. Nf3 e6 7. h4 h6 8. Ne5
Bh7 9. Qh5 Qe7 10. c3 Nf6 11. Qf3 Nbd7 12. Nxd7 Qxd7 13. Bd3 Bxd3 14. Qxd3 c5
15. Be3 cxd4 16. Bxd4 Bc5 17. O-O-O Bxd4 18. Qxd4 Qxd4 19. Rxd4 Rd8 20. Rhd1
Ke7 21. Ne4 Rxd4 22. Rxd4 Nxe4 23. Rxe4 Rd8 24. Re2 Rd5 25. Rd2 Rh5 1/2-1/2

[Event "2. Bundesliga West 2005/2006"]
[Site "AUT"]
[Date "2005.12.04"]
[Round "5"]
[White "Salvermoser, Bernd"]
[Black "Eybl, Alexander"]
[Result "1-0"]
[WhiteElo "2266"]
[BlackElo "2260"]
[PlyCount "79"]
[EventDate "2005.10.??"]
[EventType "team"]
[EventRounds "11"]
[EventCountry "AUT"]
[WhiteTeam "Absam"]
[BlackTeam "Woergl IV"]
[WhiteTeamCountry "AUT"]
[BlackTeamCountry "AUT"]

1. d4 Nf6 2. c4 e6 3. Nc3 d5 4. cxd5 exd5 5. Bg5 Be7 6. e3 O-O 7. Qc2 c6 8. Bd3
Nbd7 9. Nf3 Re8 10. O-O Nf8 11. Bxf6 Bxf6 12. b4 Bg4 13. b5 Re6 14. Bf5 Bxf5
15. Qxf5 Be7 16. bxc6 bxc6 17. Ne5 Qe8 18. Rab1 Bd6 19. Ng4 Qe7 20. h3 Ng6 21.
g3 Qd7 22. f4 Ne7 23. Qd3 h5 24. Ne5 Bxe5 25. dxe5 Rg6 26. Kh2 Qf5 27. e4 dxe4
28. Qxe4 Rd8 29. Rfd1 Rxd1 30. Rxd1 c5 31. Rd8+ Kh7 32. Re8 Qxe4 33. Nxe4 Nf5
34. Ng5+ Rxg5 35. fxg5 c4 36. Rc8 Ne3 37. Kg1 Kg6 38. Kf2 Nd1+ 39. Ke2 Nb2 40.
Rc7 1-0

[Event "2. Bundesliga West 2005/2006"]
[Site "AUT"]
[Date "2005.12.04"]
[Round "5"]
[White "Eiler, Gebhard"]
[Black "Heilinger, Dietmar"]
[Result "0-1"]
[WhiteElo "2096"]
[BlackElo "2146"]
[PlyCount "94"]
[EventDate "2005.10.??"]
[EventType "team"]
[EventRounds "11"]
[EventCountry "AUT"]
[WhiteTeam "Lochau XII"]
[BlackTeam "Bregenz X"]
[WhiteTeamCountry "AUT"]
[BlackTeamCountry "AUT"]

1. d4 Nf6 2. Nf3 b6 3. Bg5 e6 4. e3 Bb7 5. Bd3 d6 6. O-O Nbd7 7. c4 h6 8. Bh4
g5 9. Bg3 Nh5 10. Nfd2 Nxg3 11. fxg3 Bg7 12. Nc3 O-O 13. Rc1 Qe7 14. Bb1 Rfd8
15. Kh1 Nf8 16. Nb3 Ba6 17. Ne2 c5 18. g4 Rac8 19. Nd2 cxd4 20. exd4 d5 21. Qa4
Qb7 22. Rf3 b5 23. cxb5 Qxb5 24. Qxb5 Bxb5 25. Rxc8 Rxc8 26. Nc3 Bc4 27. b3 Ba6
28. Bd3 Bxd3 29. Rxd3 Bxd4 30. Rxd4 Rxc3 31. h4 gxh4 32. Ra4 Rc7 33. Nf3 Nd7
34. Nd4 Nb6 35. Ra6 Nc8 36. Nb5 Rb7 37. a4 Rb6 38. Ra5 a6 39. Nc7 Rxb3 40. Rxa6
Rb1+ 41. Kh2 Rb7 42. Nb5 Kg7 43. Ra8 Nb6 44. Nd6 Rd7 45. Ne8+ Kg6 46. Ra6 Nc4
47. Rc6 Ra7 0-1

[Event "2. Bundesliga West 2005/2006"]
[Site "AUT"]
[Date "2005.12.04"]
[Round "5"]
[White "Gattenloehner, Sebastian"]
[Black "Kanonier, Klemens"]
[Result "1-0"]
[WhiteElo "2214"]
[BlackElo "2100"]
[PlyCount "83"]
[EventDate "2005.10.??"]
[EventType "team"]
[EventRounds "11"]
[EventCountry "AUT"]
[WhiteTeam "Bregenz X"]
[BlackTeam "Lochau XII"]
[WhiteTeamCountry "AUT"]
[BlackTeamCountry "AUT"]

1. e4 e5 2. Bc4 Nc6 3. Nf3 d6 4. a4 Be7 5. d3 Nf6 6. O-O O-O 7. Re1 Be6 8. Nbd2
Nd7 9. a5 Bxc4 10. dxc4 Nc5 11. Nf1 b6 12. Qd5 Qe8 13. a6 Rb8 14. Ra3 b5 15.
cxb5 Nb4 16. Qd1 Qxb5 17. Ne3 Rfe8 18. c3 Nbxa6 19. b4 Ne6 20. Ra5 Qc6 21. Qe2
Nxb4 22. cxb4 Qxe4 23. Bd2 Nf4 24. Qc4 Qb7 25. Rea1 Ra8 26. Qb5 Qxb5 27. Rxb5
Bf6 28. Ng4 Bd8 29. Rb7 a6 30. b5 a5 31. Rxa5 Rc8 32. Ra2 Nd3 33. Ne3 Nc5 34.
Rba7 Rb8 35. Rb2 c6 36. Nc4 Bb6 37. Nxb6 Rxb6 38. Be3 cxb5 39. Nxe5 dxe5 40.
Bxc5 Rbb8 41. g3 Rec8 42. Bd6 1-0

[Event "2. Bundesliga West 2005/2006"]
[Site "AUT"]
[Date "2005.12.04"]
[Round "5"]
[White "Ladner, Peter"]
[Black "Maux, Martin"]
[Result "1/2-1/2"]
[WhiteElo "2038"]
[BlackElo "2118"]
[PlyCount "66"]
[EventDate "2005.10.??"]
[EventType "team"]
[EventRounds "11"]
[EventCountry "AUT"]
[WhiteTeam "Lochau XII"]
[BlackTeam "Bregenz X"]
[WhiteTeamCountry "AUT"]
[BlackTeamCountry "AUT"]

1. e4 e5 2. Nf3 Nc6 3. Bb5 d6 4. d4 exd4 5. Nxd4 Bd7 6. Nxc6 bxc6 7. Bc4 Nf6 8.
Nc3 Be7 9. O-O O-O 10. Re1 Ng4 11. h3 Ne5 12. Bb3 Bf6 13. Ne2 Re8 14. Nd4 c5
15. Nf3 Bc6 16. Nxe5 Rxe5 17. Bd5 Bxd5 18. exd5 Qe7 19. Rxe5 Qxe5 20. Rb1 Rb8
21. b3 Qe4 22. Bb2 Bxb2 23. Rxb2 Re8 24. c4 Qe1+ 25. Qxe1 Rxe1+ 26. Kh2 g6 27.
g3 Kg7 28. Kg2 Kf6 29. f4 Kf5 30. Kf2 Rh1 31. Kg2 Re1 32. Kf2 Rh1 33. Kg2 Re1
1/2-1/2

[Event "2. Bundesliga West 2005/2006"]
[Site "AUT"]
[Date "2005.12.04"]
[Round "5"]
[White "Natter, Markus"]
[Black "Mayr, Manfred"]
[Result "1-0"]
[WhiteElo "2117"]
[BlackElo "2141"]
[PlyCount "43"]
[EventDate "2005.10.??"]
[EventType "team"]
[EventRounds "11"]
[EventCountry "AUT"]
[WhiteTeam "Bregenz X"]
[BlackTeam "Lochau XII"]
[WhiteTeamCountry "AUT"]
[BlackTeamCountry "AUT"]

1. Nc3 Nf6 2. e4 d6 3. d4 g6 4. Nge2 Bg7 5. g3 O-O 6. Bg2 e5 7. h3 c6 8. a4 Na6
9. Be3 Re8 10. O-O Qa5 11. Qd2 Bd7 12. Rfe1 Qb4 13. Rad1 Qa5 14. g4 Red8 15.
Ng3 exd4 16. Bxd4 c5 17. Be3 Bc6 18. Bg5 Kh8 19. Qf4 Ne8 20. Bxd8 Rxd8 21. Qxf7
Nf6 22. g5 1-0

[Event "2. Bundesliga West 2005/2006"]
[Site "AUT"]
[Date "2005.12.04"]
[Round "5"]
[White "Novkovic, Julia"]
[Black "Herbrechtsmeier, Christof"]
[Result "1/2-1/2"]
[WhiteElo "2145"]
[BlackElo "2286"]
[PlyCount "23"]
[EventDate "2005.10.??"]
[EventType "team"]
[EventRounds "11"]
[EventCountry "AUT"]
[WhiteTeam "Lochau XII"]
[BlackTeam "Bregenz X"]
[WhiteTeamCountry "AUT"]
[BlackTeamCountry "AUT"]

1. e4 c5 2. Nc3 Nc6 3. g3 g6 4. d3 d6 5. Bg2 Bg7 6. Be3 Qa5 7. Qd2 Nd4 8. f4 e6
9. Nf3 Ne7 10. O-O Nxf3+ 11. Bxf3 O-O 12. Nd5 1/2-1/2

[Event "2. Bundesliga West 2005/2006"]
[Site "AUT"]
[Date "2005.12.04"]
[Round "5"]
[White "Gaertner, Guntram"]
[Black "Peterwagner, Heinz"]
[Result "1-0"]
[WhiteElo "2368"]
[BlackElo "2216"]
[PlyCount "107"]
[EventDate "2005.10.??"]
[EventType "team"]
[EventRounds "11"]
[EventCountry "AUT"]
[WhiteTeam "Hohenems V"]
[BlackTeam "Mozart 1910 VI"]
[WhiteTeamCountry "AUT"]
[BlackTeamCountry "AUT"]

1. d4 c5 2. c3 e6 3. Nf3 Nf6 4. Bg5 cxd4 5. cxd4 Be7 6. Nc3 O-O 7. e3 d6 8. Be2
a6 9. O-O b5 10. Rc1 Bb7 11. Nd2 Nbd7 12. Bf3 Qb6 13. d5 Ne5 14. dxe6 Nxf3+ 15.
Nxf3 fxe6 16. Nd4 d5 17. Nf3 Bd6 18. Qd4 Bc5 19. Qh4 Bd6 20. Bf4 Bxf4 21. Qxf4
Ne4 22. Qe5 Nc5 23. Qd4 Rac8 24. Ne5 b4 25. Ne2 a5 26. Nd3 Ba6 27. Rxc5 Rxc5
28. Qxc5 Qxc5 29. Nxc5 Bxe2 30. Re1 Rc8 31. Nxe6 Rc2 32. Nd4 Rxb2 33. Nxe2 Rxa2
34. Nd4 a4 35. g4 a3 36. Rc1 Rb2 37. Rc8+ Kf7 38. Ra8 a2 39. Kg2 Kf6 40. Ra6+
Kf7 41. h4 g6 42. g5 Ke7 43. Nc6+ Kd7 44. Ne5+ Kc7 45. Nd3 Rb3 46. Nc1 Ra3 47.
Rxa3 bxa3 48. Nxa2 Kd6 49. Kf3 Ke5 50. Ke2 d4 51. Kd3 dxe3 52. fxe3 Kf5 53. e4+
Kg4 54. e5 1-0

[Event "2. Bundesliga West 2005/2006"]
[Site "AUT"]
[Date "2005.12.04"]
[Round "5"]
[White "Grabher, Heinz"]
[Black "Enigl, Karl"]
[Result "0-1"]
[WhiteElo "2279"]
[BlackElo "2122"]
[PlyCount "80"]
[EventDate "2005.10.??"]
[EventType "team"]
[EventRounds "11"]
[EventCountry "AUT"]
[WhiteTeam "Hohenems V"]
[BlackTeam "Mozart 1910 VI"]
[WhiteTeamCountry "AUT"]
[BlackTeamCountry "AUT"]

1. e4 c6 2. d4 d5 3. Nc3 dxe4 4. Nxe4 Bf5 5. Ng3 Bg6 6. h4 h6 7. Nf3 Nf6 8. h5
Bh7 9. Bd3 Bxd3 10. Qxd3 e6 11. Bd2 c5 12. O-O-O Nc6 13. Bc3 Qd5 14. Ne5 cxd4
15. Nxc6 dxc3 16. Qxd5 cxb2+ 17. Kxb2 Nxd5 18. Ne5 Bd6 19. Rhe1 O-O 20. Kb3
Rfd8 21. Nd3 Bxg3 22. fxg3 Nf6 23. Re5 Rd6 24. Rb5 b6 25. Rc1 Rad8 26. a4 Nd5
27. Kb2 Kf8 28. Re1 Rc8 29. Re4 Rdc6 30. Ne1 Rc4 31. Rxc4 Rxc4 32. a5 Ke7 33.
axb6 axb6 34. Nd3 Kd6 35. Kb3 Rg4 36. c4 Rxg3 37. Kc2 Rxg2+ 38. Kc1 Ne3 39.
Rxb6+ Kc7 40. c5 Rc2+ 0-1

[Event "2. Bundesliga West 2005/2006"]
[Site "AUT"]
[Date "2005.12.04"]
[Round "5"]
[White "Hamberger, Hermann"]
[Black "Atlas, Dimitry"]
[Result "1/2-1/2"]
[WhiteElo "2129"]
[BlackElo "2330"]
[PlyCount "48"]
[EventDate "2005.10.??"]
[EventType "team"]
[EventRounds "11"]
[EventCountry "AUT"]
[WhiteTeam "Mozart 1910 VI"]
[BlackTeam "Hohenems V"]
[WhiteTeamCountry "AUT"]
[BlackTeamCountry "AUT"]

1. d4 d5 2. c4 c6 3. Nf3 e6 4. cxd5 cxd5 5. Nc3 Nf6 6. Bf4 Be7 7. e3 O-O 8. Bd3
a6 9. h3 Nbd7 10. O-O b5 11. Rc1 Bb7 12. Ne2 Rc8 13. Rxc8 Qxc8 14. Qb1 Qa8 15.
Ne5 h6 16. Ng3 Nb6 17. b3 g5 18. Qd1 gxf4 19. Nh5 Rc8 20. Qf3 Nbd7 21. Nxd7
Nxd7 22. Qxf4 Bg5 23. Qg3 Rc3 24. f4 Qd8 1/2-1/2

[Event "2. Bundesliga West 2005/2006"]
[Site "AUT"]
[Date "2005.12.04"]
[Round "5"]
[White "Novkovic, Milan"]
[Black "Schmidt, Georg"]
[Result "0-1"]
[WhiteElo "2402"]
[BlackElo "2363"]
[PlyCount "103"]
[EventDate "2005.10.??"]
[EventType "team"]
[EventRounds "11"]
[EventCountry "AUT"]
[WhiteTeam "Hohenems V"]
[BlackTeam "Mozart 1910 VI"]
[WhiteTeamCountry "AUT"]
[BlackTeamCountry "AUT"]

1. d4 e6 2. Nf3 Nf6 3. e3 b6 4. Bd3 Bb7 5. O-O c5 6. c4 Be7 7. Nc3 cxd4 8. exd4
d5 9. cxd5 Nxd5 10. Ne5 O-O 11. Qg4 f5 12. Qe2 Bf6 13. Bc4 Re8 14. Rd1 a6 15.
a4 Qd6 16. Bxd5 Bxd5 17. Qh5 Rf8 18. Bf4 Bb7 19. Rd3 Nc6 20. Rh3 Nxe5 21. dxe5
Bxe5 22. Qxh7+ Kf7 23. Rg3 Rg8 24. Rd1 Qxd1+ 25. Nxd1 Bxf4 26. Qg6+ Ke7 27. Rd3
Be4 28. Rd4 Be5 29. Rxe4 fxe4 30. Qxe4 Rad8 31. Ne3 Bf6 32. Qb7+ Rd7 33. Qxb6
Rc8 34. g3 Rc1+ 35. Kg2 Bd4 36. Qb4+ Kf7 37. Ng4 Rc2 38. b3 Kg6 39. Ne5+ Bxe5
40. Qe4+ Kf6 41. Qxc2 a5 42. Qc5 Rd5 43. Qf8+ Kg6 44. b4 axb4 45. Qxb4 Bd4 46.
a5 Kf7 47. a6 Rd7 48. f4 Ba7 49. Kf3 Re7 50. Qd6 Kf6 51. g4 Kf7 52. h4 0-1

[Event "2. Bundesliga West 2005/2006"]
[Site "AUT"]
[Date "2005.12.04"]
[Round "5"]
[White "Opl, Klaus"]
[Black "Drabke, Lorenz Maximilian"]
[Result "1/2-1/2"]
[WhiteElo "2333"]
[BlackElo "2405"]
[PlyCount "82"]
[EventDate "2005.10.??"]
[EventType "team"]
[EventRounds "11"]
[EventCountry "AUT"]
[WhiteTeam "Mozart 1910 VI"]
[BlackTeam "Hohenems V"]
[WhiteTeamCountry "AUT"]
[BlackTeamCountry "AUT"]

1. e4 c5 2. Nc3 Nc6 3. f4 g6 4. Nf3 Bg7 5. Bb5 Nd4 6. O-O Nxb5 7. Nxb5 d5 8. e5
d4 9. c3 Bd7 10. Qe2 Qb6 11. Na3 dxc3 12. dxc3 Nh6 13. Kh1 Qc6 14. Be3 Nf5 15.
Bf2 h5 16. Ng5 Bh6 17. e6 Bxe6 18. Nxe6 fxe6 19. Qe5 Kf7 20. Nc4 Bg7 21. Qe2 h4
22. h3 b6 23. Rad1 Rad8 24. Ne5+ Bxe5 25. Qxe5 Qa4 26. Qe2 Rxd1 27. Rxd1 Qxa2
28. Qb5 Rb8 29. Bxc5 Rc8 30. Bd4 Rd8 31. Kh2 Qd5 32. Qe2 Qb3 33. Rd2 Rd5 34.
Bf2 Qa4 35. b4 Rxd2 36. Qxd2 Qc6 37. Qe1 Qd6 38. Qe5 Qxe5 39. fxe5 Ke8 40. b5
Kd7 41. Kg1 Kc7 1/2-1/2

[Event "2. Bundesliga West 2005/2006"]
[Site "AUT"]
[Date "2005.12.04"]
[Round "5"]
[White "Bromberger, Stefan"]
[Black "Lanka, Zigurds"]
[Result "1/2-1/2"]
[WhiteElo "2478"]
[BlackElo "2510"]
[PlyCount "34"]
[EventDate "2005.10.??"]
[EventType "team"]
[EventRounds "11"]
[EventCountry "AUT"]
[WhiteTeam "Innsbruck Rochade III"]
[BlackTeam "Zillertal II"]
[WhiteTeamCountry "AUT"]
[BlackTeamCountry "AUT"]

1. e4 c5 2. Nf3 Nc6 3. d4 cxd4 4. Nxd4 Nf6 5. Nc3 d6 6. Bg5 e6 7. Qd2 a6 8.
O-O-O Bd7 9. f4 h6 10. Bh4 g5 11. fxg5 Ng4 12. Be2 Nge5 13. Nf3 Be7 14. Rhg1
Ng6 15. g3 h5 16. e5 d5 17. Bd3 Qa5 1/2-1/2

[Event "2. Bundesliga West 2005/2006"]
[Site "AUT"]
[Date "2005.12.04"]
[Round "5"]
[White "Deglmann, Ludwig"]
[Black "Gross, David"]
[Result "0-1"]
[WhiteElo "2378"]
[BlackElo "2467"]
[PlyCount "94"]
[EventDate "2005.10.??"]
[EventType "team"]
[EventRounds "11"]
[EventCountry "AUT"]
[WhiteTeam "Innsbruck Rochade III"]
[BlackTeam "Zillertal II"]
[WhiteTeamCountry "AUT"]
[BlackTeamCountry "AUT"]

1. g3 Nf6 2. Bg2 d5 3. Nf3 c6 4. O-O Bg4 5. d3 Nbd7 6. Nbd2 e5 7. e4 dxe4 8.
dxe4 Bc5 9. h3 Bh5 10. Qe1 O-O 11. Nb3 Bb6 12. a4 a5 13. Bd2 Bxf3 14. Bxf3 Nc5
15. Nxc5 Bxc5 16. Rd1 Qb6 17. Bg5 Ne8 18. b3 h6 19. Bc1 Nf6 20. Bb2 Rfe8 21.
Qe2 Bd4 22. Ba3 Qa7 23. Kg2 Rad8 24. Rd3 b5 25. Rfd1 b4 26. Bb2 c5 27. c3 bxc3
28. Bxc3 Qb6 29. Be1 Ra8 30. h4 Qe6 31. Rc1 Reb8 32. Rc4 Rb6 33. Bd2 Qe7 34. g4
Nh7 35. Kg3 g5 36. h5 Nf6 37. Qe1 Qb7 38. Rc1 Rxb3 39. Rxb3 Qxb3 40. Rb1 Qxa4
41. Rb6 Kg7 42. Bxg5 hxg5 43. h6+ Kxh6 44. Rxf6+ Kg7 45. Rf5 f6 46. Qb1 Qb4 47.
Qa2 Qb2 0-1

[Event "2. Bundesliga West 2005/2006"]
[Site "AUT"]
[Date "2005.12.04"]
[Round "5"]
[White "Jedinger, Andreas"]
[Black "Kroell, Johannes"]
[Result "0-1"]
[WhiteElo "2128"]
[BlackElo "2191"]
[PlyCount "58"]
[EventDate "2005.10.??"]
[EventType "team"]
[EventRounds "11"]
[EventCountry "AUT"]
[WhiteTeam "Innsbruck Rochade III"]
[BlackTeam "Zillertal II"]
[WhiteTeamCountry "AUT"]
[BlackTeamCountry "AUT"]

1. e4 g6 2. d4 Bg7 3. Nc3 d6 4. Be3 Nd7 5. Qd2 e6 6. Nf3 h6 7. Bd3 Ne7 8. g4 a6
9. Ne2 b5 10. Ng3 Bb7 11. O-O f5 12. gxf5 gxf5 13. Qe2 O-O 14. exf5 Nxf5 15.
Bxf5 exf5 16. Bf4 Qf6 17. Rae1 Rae8 18. Qd1 Nb6 19. c3 Re4 20. Bc1 Rxe1 21.
Rxe1 f4 22. Nf1 Qg6+ 23. Kh1 Qh5 24. N1d2 Nc4 25. Ne4 Re8 26. Qd3 Ne3 27. Ne5
Rxe5 28. Rxe3 fxe3 29. dxe5 Qf3+ 0-1

[Event "2. Bundesliga West 2005/2006"]
[Site "AUT"]
[Date "2005.12.04"]
[Round "5"]
[White "Maiwald, Jens Uwe"]
[Black "Heinzel, Olaf"]
[Result "1/2-1/2"]
[WhiteElo "2502"]
[BlackElo "2401"]
[PlyCount "43"]
[EventDate "2005.10.??"]
[EventType "team"]
[EventRounds "11"]
[EventCountry "AUT"]
[WhiteTeam "Zillertal II"]
[BlackTeam "Innsbruck Rochade III"]
[WhiteTeamCountry "AUT"]
[BlackTeamCountry "AUT"]

1. g3 d5 2. Bg2 Nf6 3. Nf3 Bf5 4. d3 h6 5. O-O e6 6. c4 Nbd7 7. Nc3 c6 8. cxd5
cxd5 9. Qa4 a6 10. e4 b5 11. Qc2 dxe4 12. dxe4 Bh7 13. Nd4 Bc5 14. Rd1 O-O 15.
Qe2 Qc7 16. Nb3 Ba7 17. Bf4 e5 18. Be3 Bxe3 19. Qxe3 Nb6 20. Rac1 Nc4 21. Qe2
Rac8 22. Nd5 1/2-1/2

[Event "2. Bundesliga West 2005/2006"]
[Site "AUT"]
[Date "2005.12.04"]
[Round "5"]
[White "Tabernig, Bernhard"]
[Black "Fuchs, Georg"]
[Result "0-1"]
[WhiteElo "2324"]
[BlackElo "2237"]
[PlyCount "86"]
[EventDate "2005.10.??"]
[EventType "team"]
[EventRounds "11"]
[EventCountry "AUT"]
[WhiteTeam "Zillertal II"]
[BlackTeam "Innsbruck Rochade III"]
[WhiteTeamCountry "AUT"]
[BlackTeamCountry "AUT"]

1. d4 Nf6 2. c4 e6 3. Nc3 c5 4. d5 exd5 5. cxd5 d6 6. e4 a6 7. Bd3 b5 8. a3 g6
9. h3 Bg7 10. Nf3 O-O 11. O-O Re8 12. Re1 Nbd7 13. Bf4 Qb6 14. Qd2 Bb7 15. b4
Rac8 16. Rac1 Nh5 17. Be3 Qd8 18. g4 cxb4 19. axb4 Qf6 20. Nd4 Nf4 21. Bxf4
Qxd4 22. Ne2 Qb6 23. Be3 Qd8 24. Rxc8 Bxc8 25. Nd4 Bb7 26. Kg2 Ne5 27. Be2 Qd7
28. Rc1 Rc8 29. f4 Nc4 30. Bxc4 bxc4 31. f5 Qe7 32. Qc2 Re8 33. Nc6 Qxe4+ 34.
Qxe4 Rxe4 35. Kf3 Rxe3+ 36. Kf4 Rxh3 37. Rxc4 Bh6+ 38. Ke4 gxf5+ 39. Kxf5 Rf3+
40. Ke4 Rf4+ 41. Kd3 Rxc4 42. Kxc4 Kf8 43. Nd4 Bc8 0-1

[Event "2. Bundesliga West 2005/2006"]
[Site "AUT"]
[Date "2005.12.04"]
[Round "5"]
[White "Bezler, Rainer"]
[Black "Huber, Wolfgang"]
[Result "0-1"]
[WhiteElo "2207"]
[BlackElo "2071"]
[PlyCount "126"]
[EventDate "2005.10.??"]
[EventType "team"]
[EventRounds "11"]
[EventCountry "AUT"]
[WhiteTeam "Lustenau VII"]
[BlackTeam "Inter Salzburg VIII"]
[WhiteTeamCountry "AUT"]
[BlackTeamCountry "AUT"]

1. e4 c6 2. Nc3 d5 3. d4 dxe4 4. Nxe4 Bf5 5. Ng3 Bg6 6. N1e2 Nf6 7. Nf4 e5 8.
Nxg6 hxg6 9. dxe5 Qa5+ 10. Bd2 Qxe5+ 11. Qe2 Qxe2+ 12. Bxe2 Bc5 13. O-O O-O 14.
b4 Bd4 15. c3 Be5 16. f4 Bc7 17. c4 a6 18. Bf3 Nbd7 19. Rfe1 Rfe8 20. Kf1 Nb6
21. Rac1 Rad8 22. Rxe8+ Nxe8 23. Be3 f5 24. b5 axb5 25. cxb5 Nd5 26. Bxd5+ cxd5
27. b6 Bb8 28. Ne2 Nd6 29. Bd4 Nc4 30. Kf2 Bd6 31. g3 Ra8 32. Nc3 Nb2 33. Rb1
Nc4 34. Rb5 Ra5 35. Rxa5 Nxa5 36. Nxd5 Nc6 37. Ke3 Ba3 38. Kd3 Kf7 39. Bc3 Bc5
40. Be1 Ke6 41. Kc4 Bg1 42. h3 g5 43. Bd2 gxf4 44. gxf4 g5 45. Nc7+ Kd7 46.
fxg5 Bxb6 47. Nd5 Bf2 48. Bc3 Kd6 49. g6 b5+ 50. Kxb5 Kxd5 51. g7 Ne7 52. a4 f4
53. a5 f3 54. a6 Ba7 55. Be1 f2 56. Bxf2 Bxf2 57. h4 Bc5 58. h5 Ng8 59. Ka4 Kc4
60. Ka5 Nh6 61. Ka4 Bb6 62. Ka3 Kb5 63. Kb3 Bd4 0-1

[Event "2. Bundesliga West 2005/2006"]
[Site "AUT"]
[Date "2005.12.04"]
[Round "5"]
[White "Endthaler, Arnold"]
[Black "Maier, Peter"]
[Result "1/2-1/2"]
[WhiteElo "2056"]
[BlackElo "2178"]
[PlyCount "23"]
[EventDate "2005.10.??"]
[EventType "team"]
[EventRounds "11"]
[EventCountry "AUT"]
[WhiteTeam "Inter Salzburg VIII"]
[BlackTeam "Lustenau VII"]
[WhiteTeamCountry "AUT"]
[BlackTeamCountry "AUT"]

1. e4 c5 2. Nf3 e6 3. d4 cxd4 4. Nxd4 a6 5. Bd3 Nf6 6. O-O Qc7 7. Qe2 d6 8. Nc3
Be7 9. Be3 Nbd7 10. f4 b5 11. Nb3 Bb7 12. a3 1/2-1/2